Catalog

Record Details

Catalog Search



Lord John and the private matter #1 / Diana ... Read More

Gabaldon, Diana.(Author).
Series: Lord John; 1

Available copies

  • 5 of 5 copies available at LARL/NWRL Consortium.
  • 2 of 2 copies available at Lake Agassiz Regional Library. (Show preferred library)

Current holds

0 current holds with 5 total copies.

Show Only Available Copies
Location Call Number / Copy Notes Barcode Shelving Location Status Due Date
Crookston Public Library Gab (Text) 33500007704018 Main Available -
Moorhead Public Library Gab (Text) 33500007724883 Main Available -
Greenbush Public Library GAB (Text) 35500003374152 Main Available -
Hallock Public Library GAB (Text) 35500003870571 Main Available -
Warroad Public Library GAB (Text) 35500003368741 Main Available -

Record details

  • ISBN: 0385337477
  • Physical Description: x, 305 p. ; 22 cm.
  • Publisher: New York : Delacorte Press, c2003.
Subject: London (England) > History > 18th century > Fiction.
Genre: Historical fiction.
Mystery fiction.
LDR 01334cam a22003138a 4500
00150240
003LARL_NWRL_CONSORTIUM
00520030401083406.0
008030324s2003 nyu 000 1 eng
020 . ‡a0385337477
035 . ‡a(OCoLC)51969039
03500. ‡ilcmarc/BBY-2741/KRLTECH2
040 . ‡aDLC ‡cDLC
08200. ‡a813/.54 ‡221
099 . ‡aGab
1001 . ‡aGabaldon, Diana. ‡0(LARL_NWRL_CONSORTIUM)8664
24510. ‡aLord John and the private matter ‡n#1 / ‡cDiana Gabaldon.
260 . ‡aNew York : ‡bDelacorte Press, ‡cc2003.
300 . ‡ax, 305 p. ; ‡c22 cm.
4900 . ‡aLord John; ‡v1
651 0. ‡aLondon (England) ‡xHistory ‡y18th century ‡vFiction. ‡0(LARL_NWRL_CONSORTIUM)165960
655 7. ‡aHistorical fiction. ‡2gsafd
655 7. ‡aMystery fiction. ‡2gsafd
901 . ‡a50240 ‡bOCLC ‡c50240 ‡tbiblio

Additional Resources